| Tag |
First Indicator |
Second Indicator |
Subfields |
| LEADER |
00000cam a22000008a 4500 |
| 001 |
in00000034472 |
| 005 |
20151007060730.0 |
| 008 |
870701s1988 enka b 00110ceng |
| 010 |
|
|
|a 87016732
|
| 020 |
|
|
|a 0521256151
|
| 035 |
|
|
|a (OCoLC)16352769
|
| 035 |
|
|
|9 AAC1602AM
|
| 040 |
|
|
|a DLC
|c DLC
|d TXA
|d UtOrBLW
|
| 049 |
|
|
|a TXAM
|c [A10938480]
|
| 050 |
0 |
0 |
|a PN2205
|b .S76 1988
|
| 082 |
0 |
|
|a 792/.028/0922
|a B
|2 19
|
| 100 |
1 |
|
|a Stokes, John,
|d 1943-
|
| 245 |
1 |
0 |
|a Bernhardt, Terry, Duse :
|b the actress in her time /
|c John Stokes, Michael R. Booth, Susan Bassnett.
|
| 264 |
|
1 |
|a Cambridge [Cambridgeshire] ;
|a New York :
|b Cambridge University Press,
|c 1988.
|
| 300 |
|
|
|a viii, 192 pages :
|b illustrations
|
| 336 |
|
|
|a text
|b txt
|2 rdacontent
|
| 337 |
|
|
|a unmediated
|b n
|2 rdamedia
|
| 338 |
|
|
|a volume
|b nc
|2 rdacarrier
|
| 504 |
|
|
|a Bibliography: pages 182-185.
|
| 500 |
|
|
|a Includes index.
|
| 650 |
|
0 |
|a Actresses
|v Biography.
|
| 600 |
1 |
0 |
|a Bernhardt, Sarah,
|d 1844-1923.
|
| 600 |
1 |
0 |
|a Terry, Ellen,
|c Dame,
|d 1847-1928.
|
| 600 |
1 |
0 |
|a Duse, Eleonora,
|d 1858-1924.
|
| 700 |
1 |
|
|a Booth, Michael R.
|
| 700 |
1 |
|
|a Bassnett, Susan.
|
| 999 |
|
|
|a MARS
|
| 999 |
f |
f |
|s 1d752571-d941-3daf-a2aa-4378761226f4
|i 6e2a5959-f3dd-3c19-8192-ee59bd8e0fc5
|t 0
|
| 952 |
f |
f |
|p ric
|a Texas A&M University
|b Rellis Campus
|c Joint Library Facility
|d Remote Storage
|t 0
|e PN2205 .S76 1988
|h Library of Congress classification
|i unmediated -- volume
|m A14810938480
|
| 998 |
f |
f |
|a PN2205 .S76 1988
|t 0
|l Remote Storage
|